00607 2200217 4500001002100000005001500021008004100036020002200077035001900099041000700118082001400125090002000139100002100159700002200180245007300202250000600275260002700281300003600308500001100344650003400355INLIS00000000002553020241224131942241224||||||||| | ||| |||| || |  a978-979-29-2414-5 0010-1224025530 aid0 a338.359.8 a338.359.8 EKO a0 aEKO BUDI KUNCORO0 aF. E Ardi Wiharto00aAsyiknya Mancing - Cara Ampuh Menaklukkan Ikan di Laut dan Air Tawar a1 aYogyakartabandic2011 a23x19 cm, xii, 244 hlm.; ilus.: aCet. 1 0aIlmu-ilmu Sosial -- Memancing